000 00423pam a2200145a 44500
008 230405s xxu||||| |||| 00| 0 eng d
041 _aENG
100 _aSETHI P.D./CHAREGGONKAR D.
245 _aIDENTIFICATION OF DRUGS IN PHARMACEUTICAL FORMULATION BY THIN LAYER CHROMATOGRAPHY
250 _a2 2008
260 _aNEW DELHI
_bCBS PUBLISHERS DELHI
_c
300 _a253
650 _aPHARMACEUTICAL CHEMISTRY
906 _a1481
999 _c276752
_d276752